From Son To Stranger: (Record no. 182142)

MARC details
000 -LEADER
fixed length control field 00647nam a22001937a 4500
005 - DATE AND TIME OF LATEST TRANSACTION
control field 20211026150757.0
010 ## - LCCN (DPL NO)
LC control number ENG-130081
020 ## - INTERNATIONAL STANDARD BOOK NUMBER
International Standard Book Number 978-93-89624-42-7
Terms of availability 250.00
035 ## - SYSTEM CONTROL NUMBER
System control number EN-113613
037 ## - SOURCE OF ACQUISITION
Source of stock number/acquisition DBAD/PUB
082 ## - DEWEY DECIMAL CLASSIFICATION NUMBER
Classification number 152
100 ## - MAIN ENTRY--PERSONAL NAME
Personal name Lalit, Ritu
245 ## - TITLE STATEMENT
Title From Son To Stranger:
Remainder of title Coping with Loneliness/
Statement of responsibility, etc by Ritu Lalit
250 ## - EDITION STATEMENT
Edition statement 2020
260 ## - PUBLICATION, DISTRIBUTION, ETC. (IMPRINT)
Name of publisher, distributor, etc Vishwakarma Publications
Date of publication, distribution, etc 2019
Place of publication, distribution, etc Maharashtra
270 ## - ADDRESS
Address 34A/1, Suyog Center, 7th floor, Gultekedi Marketyard Road, Giridhar Bhavan Chowk,
Postal code 411037
City Pune
Electronic mail address info@vpindia.co.in
Telephone number 9168682200
300 ## - PHYSICAL DESCRIPTION
Extent 190p.
Dimensions 22cm (pbk)
942 ## - ADDED ENTRY ELEMENTS (KOHA)
Source of classification or shelving scheme Dewey Decimal Classification
Item type English Books
Classification part 152
Call number suffix lal
Holdings
Withdrawn status Lost status Not for loan Collection code Home library Current library Date acquired Source of acquisition Cost, normal purchase price Full call number Barcode Copy number Cost, replacement price Koha item type
      Non-fiction Mobile Library Mobile Library 26/10/2021 dbad/pub 250.00 152 lal EN-113613 1 250.00 English Books

© Delhi Public Library
Hit Counter
free hit counter